La Verdad: bisemanario de orientación y cultura

Бібліографічні деталі
Інші автори: Proaño, Leonidas E. (Режисер)
Формат: Періодика
Мова:Spanish
Предмети:

MARC

LEADER 00000css a2200000 a 4500
001 13601
005 20230308221738.0
008 000000| ||||||||r|||||||||||spa||
040 |b spa 
041 0 |a Español 
082 0 |a 050  |b P938v 
245 3 3 |a La Verdad: bisemanario de orientación y cultura  |c Leonidas Proaño, director  |h imp 
264 |a Ibarra  |b s.e.  |c 19 de Octubre de 1949 
300 |a 5 páginas:  |b ilu  |c 40 cm 
362 |a año V; no. 265 (19 de octubre de 1949) 
653 |a PERIODICO 
650 |a La verdad periodico  |9 306515 
650 |a Periodico la verdad  |9 306516 
650 |a Ibarra ecuador  |9 304417 
700 1 |a Proaño, Leonidas E.  |e director  |9 306517 
852 |a UC-CDJBV  |c ESTANTERIA CERRADA  |f Donación  |k margarita.gutierrez  |l 1  |m Limitada  |p 00000000  |q 0,20  |t 13601  |y 42448  |b 1  |d CDRC  |e CDRC  |g 050 P938v ESTANTERIA CERRADA  |z 0000-00-00 
856 |a http://sibuc.ucuenca.edu.ec/portada/13601-cdj.jpg 
942 |c SER 
999 |c 138133  |d 138133